00656cam a22002171 450000100100000000500170001000800410002701000130006804000230008105000140010410000190011824500780013726000320021530000430024744000250029050400260031565000350034165000140037670000340039008200140042400001105820200929162341.0740610s1967 nyua b 000 0 eng  a67020331 aDO-SdBNPcDLCdDLC00aR690b.L41 aLee, Russel V.14aThe physician, /cby Russel V. Lee, Sarel Eimerl and the editors of Life. aNew York, :bTime,c[1967]. a200 p. :billus. (part col.) ;c28 cm. 0aLife science library aBibliography: p. 196. 0aMedicinexVocational guidance. 0aMedicine.1 aEimerl, Sarel,ejoint author.00a610.69/52